Evocació de Rosselló-Pórcel i altres notes / (Record no. 60360)

MARC details
000 -LEADER
campo de control de longitud fija 00784nam a2200217 i 4500
001 - NÚMERO DE CONTROL
campo de control 60360
003 - IDENTIFICADOR DE NÚMERO DE CONTROL
campo de control ES-MaACL
005 - FECHA Y HORA DE LA ÚLTIMA TRANSACCIÓN
campo de control 20240509063053.0
007 - CAMPO FIJO DE DESCRIPCIÓN FÍSICA--INFORMACIÓN GENERAL
campo de control de longitud fija t|
008 - DATOS DE LONGITUD FIJA--INFORMACIÓN GENERAL
campo de control de longitud fija 031104s1957 sp ||||1| cat d
100 1# - ENTRADA PRINCIPAL--NOMBRE DE PERSONA
Nombre de persona Espriu, Salvador,
Fechas asociadas al nombre 1913-1985
9 (RLIN) 47947
245 10 - MENCIÓN DEL TÍTULO
Título Evocació de Rosselló-Pórcel i altres notes /
Mención de responsabilidad, etc. Salvador Espriu ; próleg de Gonçal Lloveras ; retrat de l'autor i portada de Josep María de Martín.
260 ## - PUBLICACIÓN, DISTRIBUCIÓN, ETC.
Lugar de publicación, distribución, etc. Barcelona :
Nombre del editor, distribuidor, etc. Joaquim Horta,
Fecha de publicación, distribución, etc. [1957] (
Fabricante Frontis)
300 ## - DESCRIPCIÓN FÍSICA
Extensión 143 p. :
Otras características físicas 1 retr. aut. ;
Dimensiones 19 cm.
490 1# - MENCIÓN DE SERIE
Mención de serie Signe ;
Designación de volumen o secuencia 3
700 1# - ENTRADA AGREGADA--NOMBRE PERSONAL
Nombre de persona Lloveras, Gonçal (
Fechas asociadas al nombre 1926-)
9 (RLIN) 72939
700 1# - ENTRADA AGREGADA--NOMBRE PERSONAL
Nombre de persona Martín, Josep María de.
9 (RLIN) 77328
830 0# - PUNTO DE ACCESO ADICIONAL DE SERIE-TÍTULO UNIFORME
Título uniforme Signe ;
Designación de volumen o secuencia 3
9 (RLIN) 186687
852 ## - LOCALIZACIÓN
Ubicación ES-MaACL
Número de control de estantería C-13389
Sublocalización o colección R.40553
Holdings
Estatus retirado Estado de pérdida Estado de daño No para préstamo Biblioteca de origen Biblioteca actual Ubicación en estantería Fecha de adquisición Fuente de adquisición Total de préstamos Signatura topográfica completa Código de barras Visto por última vez Precio de reemplazo Tipo de ítem Koha
        Biblioteca del Ateneo de Madrid Biblioteca del Ateneo de Madrid Sala Palomar 17/01/2008     C-13389 1063309 23/02/2023 23/02/2023 Libro impreso